<?xml version="1.0" encoding="UTF-8"?>
<record
    xmlns:xsi="http://www.w3.org/2001/XMLSchema-instance"
    xsi:schemaLocation="http://www.loc.gov/MARC21/slim http://www.loc.gov/standards/marcxml/schema/MARC21slim.xsd"
    xmlns="http://www.loc.gov/MARC21/slim">

  <leader>02224nam a22003137a 4500</leader>
  <controlfield tag="003">DO-SdBNP</controlfield>
  <controlfield tag="005">20211122075540.0</controlfield>
  <controlfield tag="007">ta</controlfield>
  <controlfield tag="008">210225b  2020 dr a 00| 0 spa d</controlfield>
  <datafield tag="020" ind1=" " ind2=" ">
    <subfield code="a">9789945921144</subfield>
  </datafield>
  <datafield tag="040" ind1=" " ind2=" ">
    <subfield code="a">DO-SdBNP</subfield>
    <subfield code="b">spa </subfield>
    <subfield code="c">BPMSU </subfield>
  </datafield>
  <datafield tag="082" ind1=" " ind2="4">
    <subfield code="a">378.1734 </subfield>
    <subfield code="b">M181s 2020</subfield>
    <subfield code="2">22</subfield>
  </datafield>
  <datafield tag="100" ind1="1" ind2=" ">
    <subfield code="a">Mad&#xE9;, Manuel</subfield>
  </datafield>
  <datafield tag="245" ind1="1" ind2="0">
    <subfield code="a">Software libre para una alfabetizaci&#xF3;n TIC sostenible :</subfield>
    <subfield code="b">un estudio de factibilidad en el contexto educativo de la Rep&#xFA;blica Dominicana /</subfield>
    <subfield code="c">Manuel Mad&#xE9; Zabala ; cuidado de la edici&#xF3;n Fari Rosario.</subfield>
  </datafield>
  <datafield tag="260" ind1=" " ind2=" ">
    <subfield code="a">Santo Domingo :</subfield>
    <subfield code="b">Instituto Tecnol&#xF3;gico de Santo Domingo,</subfield>
    <subfield code="c">2020.</subfield>
  </datafield>
  <datafield tag="300" ind1=" " ind2=" ">
    <subfield code="a">287 p. :</subfield>
    <subfield code="b">il. ;</subfield>
    <subfield code="c">23 cm. </subfield>
  </datafield>
  <datafield tag="500" ind1=" " ind2=" ">
    <subfield code="a">Incluye datos biogr&#xE1;ficos del autor en las solapas.</subfield>
  </datafield>
  <datafield tag="500" ind1=" " ind2=" ">
    <subfield code="a">Incluye referencias bibliogr&#xE1;ficas y notas al pie de las p&#xE1;ginas.</subfield>
  </datafield>
  <datafield tag="500" ind1=" " ind2=" ">
    <subfield code="a">Incluye &#xED;ndice  de tablas </subfield>
  </datafield>
  <datafield tag="504" ind1=" " ind2=" ">
    <subfield code="a">Bibliograf&#xED;a :  p. 273-287</subfield>
  </datafield>
  <datafield tag="505" ind1="0" ind2=" ">
    <subfield code="a">Cap&#xED;tulo 1--</subfield>
    <subfield code="t">De la alfabetizaci&#xF3;n tradicional a la integraci&#xF3;n del software --</subfield>
    <subfield code="t">Evoluci&#xF3;n de la alfabetizaci&#xF3;n --</subfield>
    <subfield code="t"> Enfoques CTS en la alfabetizaci&#xF3;n --</subfield>
    <subfield code="t">El software en la alfabetizaci&#xF3;n --</subfield>
    <subfield code="t">La industria del software de cara a la alfabetizaci&#xF3;n --</subfield>
    <subfield code="g">Cap&#xED;tulo 2. </subfield>
    <subfield code="t">Aspectos pedag&#xF3;gicos y filos&#xF3;ficos del software libre --</subfield>
    <subfield code="t">Aspectos pedag&#xF3;gicos --</subfield>
    <subfield code="t"> Aspectos filos&#xF3;ficos de la alfabetizaci&#xF3;n con software libre --</subfield>
    <subfield code="g">Cap&#xED;tulo 3.</subfield>
    <subfield code="t"> El contexto dominicano, las TIC y el software libre --</subfield>
    <subfield code="t">S&#xED;ntesis del contexto geogr&#xE1;fico y sociodemogr&#xE1;fico --</subfield>
    <subfield code="t"> Las TIC en el contexto educativo dominicano --</subfield>
    <subfield code="t">El software libre en el contexto dominicano --</subfield>
    <subfield code="t">Reflexi&#xF3;n final --</subfield>
    <subfield code="g">Cap&#xED;tulo 4.</subfield>
    <subfield code="t">Dise&#xF1;o de investigaci&#xF3;n y estudio emp&#xED;rico --</subfield>
    <subfield code="t">Metodolog&#xED;a --</subfield>
    <subfield code="t">T&#xE9;cnicas y dise&#xF1;o de los instrumentos --</subfield>
    <subfield code="t">Muestreo y sujetos de la investigaci&#xF3;n --</subfield>
    <subfield code="t">Recolecci&#xF3;n de los datos --</subfield>
    <subfield code="g">Cap&#xED;tulo 5. </subfield>
    <subfield code="t">Resultados --</subfield>
    <subfield code="t">Estudio preliminar --</subfield>
    <subfield code="t">Intervenci&#xF3;n en el centro educativo con software libre --</subfield>
    <subfield code="t">An&#xE1;lisis FODA/DAFO --</subfield>
    <subfield code="t">Conclusiones y recomendaciones.</subfield>
  </datafield>
  <datafield tag="590" ind1=" " ind2=" ">
    <subfield code="a">Inventariado, 2021 /LP

</subfield>
  </datafield>
  <datafield tag="650" ind1=" " ind2="4">
    <subfield code="a">Software libre.</subfield>
    <subfield code="x">Innovaci&#xF3;n tecnol&#xF3;gicas.</subfield>
  </datafield>
  <datafield tag="650" ind1=" " ind2="4">
    <subfield code="a">Alfabetizaci&#xF3;n tecnol&#xF3;gica.</subfield>
    <subfield code="2"> </subfield>
  </datafield>
  <datafield tag="650" ind1=" " ind2="4">
    <subfield code="a">aInnovaciones educativas.</subfield>
  </datafield>
  <datafield tag="700" ind1="1" ind2=" ">
    <subfield code="a">Rosario, Fari, </subfield>
    <subfield code="e">ed.</subfield>
  </datafield>
  <datafield tag="910" ind1=" " ind2=" ">
    <subfield code="a">VMateo V. </subfield>
  </datafield>
  <datafield tag="942" ind1=" " ind2=" ">
    <subfield code="2">ddc</subfield>
    <subfield code="c">BK</subfield>
  </datafield>
  <datafield tag="952" ind1=" " ind2=" ">
    <subfield code="0">0</subfield>
    <subfield code="1">0</subfield>
    <subfield code="2">ddc</subfield>
    <subfield code="4">0</subfield>
    <subfield code="7">0</subfield>
    <subfield code="8">CD</subfield>
    <subfield code="a">BPMET</subfield>
    <subfield code="b">BPMET</subfield>
    <subfield code="d">2021-11-22</subfield>
    <subfield code="e">INTEC</subfield>
    <subfield code="o">BPMSU CD 378.1734  M181s 2020</subfield>
    <subfield code="p">BPMSU21110101</subfield>
    <subfield code="r">2021-11-22</subfield>
    <subfield code="w">2021-11-22</subfield>
    <subfield code="y">BK</subfield>
  </datafield>
  <datafield tag="952" ind1=" " ind2=" ">
    <subfield code="0">0</subfield>
    <subfield code="1">0</subfield>
    <subfield code="2">ddc</subfield>
    <subfield code="4">0</subfield>
    <subfield code="7">0</subfield>
    <subfield code="8">CD</subfield>
    <subfield code="a">BPMET</subfield>
    <subfield code="b">BPMET</subfield>
    <subfield code="d">2021-11-22</subfield>
    <subfield code="e">INTEC</subfield>
    <subfield code="l">0</subfield>
    <subfield code="o">BPMSU CD 378.1734  M181s 2020</subfield>
    <subfield code="p">BPMSU21110102</subfield>
    <subfield code="r">2021-11-22</subfield>
    <subfield code="t">e.2</subfield>
    <subfield code="u"> </subfield>
    <subfield code="w">2021-11-22</subfield>
    <subfield code="y">BK</subfield>
  </datafield>
  <datafield tag="999" ind1=" " ind2=" ">
    <subfield code="c">13885</subfield>
    <subfield code="d">13885</subfield>
  </datafield>
</record>
